<?xml version="1.0" encoding="UTF-8"?>
<record
    xmlns:xsi="http://www.w3.org/2001/XMLSchema-instance"
    xsi:schemaLocation="http://www.loc.gov/MARC21/slim http://www.loc.gov/standards/marcxml/schema/MARC21slim.xsd"
    xmlns="http://www.loc.gov/MARC21/slim">

  <leader>00451nam a2200181Ia 4500</leader>
  <controlfield tag="008">220901s9999    xx            000 0 und d</controlfield>
  <datafield tag="041" ind1=" " ind2=" ">
    <subfield code="a">&#xA0;&#xA0;ENGLISH</subfield>
  </datafield>
  <datafield tag="082" ind1=" " ind2=" ">
    <subfield code="a">621.01</subfield>
  </datafield>
  <datafield tag="082" ind1=" " ind2=" ">
    <subfield code="b">WIT</subfield>
  </datafield>
  <datafield tag="100" ind1=" " ind2=" ">
    <subfield code="a">WITTENBURG, ING. JENS.</subfield>
  </datafield>
  <datafield tag="245" ind1=" " ind2="0">
    <subfield code="a">DYNAMICS OF SYSTEMS OF RIGID BODIES.</subfield>
  </datafield>
  <datafield tag="250" ind1=" " ind2=" ">
    <subfield code="b">1977</subfield>
  </datafield>
  <datafield tag="260" ind1=" " ind2=" ">
    <subfield code="b">B.G. TEUBNER STUTTGART</subfield>
  </datafield>
  <datafield tag="260" ind1=" " ind2=" ">
    <subfield code="c">1977</subfield>
  </datafield>
  <datafield tag="300" ind1=" " ind2=" ">
    <subfield code="a">224</subfield>
  </datafield>
  <datafield tag="650" ind1=" " ind2=" ">
    <subfield code="a">&#xA0;&#xA0;DYNAMICS OF SYSTEMS OF RIGID BODIES.</subfield>
  </datafield>
  <datafield tag="942" ind1=" " ind2=" ">
    <subfield code="c">REF</subfield>
  </datafield>
  <datafield tag="999" ind1=" " ind2=" ">
    <subfield code="c">138971</subfield>
    <subfield code="d">138971</subfield>
  </datafield>
  <datafield tag="952" ind1=" " ind2=" ">
    <subfield code="r">2022-09-02 00:00:00</subfield>
    <subfield code="l">0</subfield>
    <subfield code="o">621.01</subfield>
    <subfield code="D">25</subfield>
    <subfield code="N">3199.15</subfield>
    <subfield code="p">PCCOEEC36124</subfield>
    <subfield code="v">4265.54</subfield>
    <subfield code="w">2022-09-02</subfield>
    <subfield code="y">REF</subfield>
    <subfield code="z">MECHANICAL</subfield>
    <subfield code="1">0</subfield>
    <subfield code="4">0</subfield>
    <subfield code="7">0</subfield>
    <subfield code="0">0</subfield>
    <subfield code="a">PCCOE</subfield>
    <subfield code="b">PCCOE</subfield>
    <subfield code="d">2021-11-16</subfield>
    <subfield code="e">SUYOG ENTERPRISES</subfield>
    <subfield code="g">4265.54</subfield>
    <subfield code="A">6093</subfield>
    <subfield code="B">2021-09-30</subfield>
    <subfield code="L">ENGLISH</subfield>
  </datafield>
</record>
